|
|
|
|
| LEADER |
03212nam a22005175i 4500 |
| 001 |
978-1-137-51850-7 |
| 003 |
DE-He213 |
| 005 |
20161126160410.0 |
| 007 |
cr nn 008mamaa |
| 008 |
161126s2017 xxk| s |||| 0|eng d |
| 020 |
|
|
|a 9781137518507
|9 978-1-137-51850-7
|
| 024 |
7 |
|
|a 10.1057/978-1-137-51850-7
|2 doi
|
| 040 |
|
|
|d GrThAP
|
| 050 |
|
4 |
|a HB71-74
|
| 072 |
|
7 |
|a KC
|2 bicssc
|
| 072 |
|
7 |
|a BUS000000
|2 bisacsh
|
| 082 |
0 |
4 |
|a 330
|2 23
|
| 100 |
1 |
|
|a Karabchuk, Tatiana.
|e author.
|
| 245 |
1 |
0 |
|a Demography of Russia
|h [electronic resource] :
|b From the Past to the Present /
|c by Tatiana Karabchuk, Kazuhiro Kumo, Ekaterina Selezneva.
|
| 264 |
|
1 |
|a London :
|b Palgrave Macmillan UK :
|b Imprint: Palgrave Macmillan,
|c 2017.
|
| 300 |
|
|
|a XVII, 334 p. 26 illus., 16 illus. in color.
|b online resource.
|
| 336 |
|
|
|a text
|b txt
|2 rdacontent
|
| 337 |
|
|
|a computer
|b c
|2 rdamedia
|
| 338 |
|
|
|a online resource
|b cr
|2 rdacarrier
|
| 347 |
|
|
|a text file
|b PDF
|2 rda
|
| 490 |
1 |
|
|a Studies in Economic Transition
|
| 505 |
0 |
|
|a 1. Population Statistics of Russia: The Russian Empire, the Soviet Union and the Russian Federation -- 2. Population Policies in Soviet and Modern Russia -- 3. Marriages and Divorces in Russia 1994-2011 -- 4. Fertility and Uncertainty in Russia -- 5. Factors Affecting the Birth of Second and Third children in Russian Families -- 6. Changes in Mortality: Meta-Analysis -- 7. Inter-regional Migration: Analysis on Origin-to-Destination Matrix -- 8. In Lieu of a Conclusion.
|
| 520 |
|
|
|a This book examines the demographic development of Russia from the late Russian Empire to the contemporary Russian Federation, and includes discussions of marriage patterns, fertility, mortality, and inter-regional migration. In this pioneering study, the authors present the first English-language overview of demographic data collection in Russia. Chapters in the book offer a systematic overview of the legislation regulating fertility and the family sphere, a study of the factors determining first and higher order births, and an examination of population distribution across Russian regions. The book also combines research tools from the social sciences with a medical approach to provide a study of mortality rates. By bringing together approaches from several disciplines – demography, economics, and sociology – the authors of this book provide a comprehensive and detailed assessment of the historical roots of Russia's demographic development.
|
| 650 |
|
0 |
|a Russia
|x Politics and government.
|
| 650 |
|
0 |
|a Economics.
|
| 650 |
|
0 |
|a Management science.
|
| 650 |
|
0 |
|a Demography.
|
| 650 |
1 |
4 |
|a Economics.
|
| 650 |
2 |
4 |
|a Economics, general.
|
| 650 |
2 |
4 |
|a Russian and Post-Soviet Politics.
|
| 650 |
2 |
4 |
|a Demography.
|
| 650 |
2 |
4 |
|a Sociology of Family, Youth and Aging.
|
| 700 |
1 |
|
|a Kumo, Kazuhiro.
|e author.
|
| 700 |
1 |
|
|a Selezneva, Ekaterina.
|e author.
|
| 710 |
2 |
|
|a SpringerLink (Online service)
|
| 773 |
0 |
|
|t Springer eBooks
|
| 776 |
0 |
8 |
|i Printed edition:
|z 9781137518491
|
| 830 |
|
0 |
|a Studies in Economic Transition
|
| 856 |
4 |
0 |
|u http://dx.doi.org/10.1057/978-1-137-51850-7
|z Full Text via HEAL-Link
|
| 912 |
|
|
|a ZDB-2-ECF
|
| 950 |
|
|
|a Economics and Finance (Springer-41170)
|